APPLICATION OF SOFT COMPUTING AND INTELLIGENT METHODS IN GEOPHYSICS / (Record no. 589025)

000 -LEADER
fixed length control field 00355nam a22001337a 4500
020 ## - INTERNATIONAL STANDARD BOOK NUMBER
Qualifying information PB.
040 ## - CATALOGING SOURCE
Transcribing agency FIZZA ISHAQ
082 ## - DEWEY DECIMAL CLASSIFICATION NUMBER
Classification number 557.3
Author Mark PET
100 ## - MAIN ENTRY--PERSONAL NAME
Personal name PETER,ALIREZA.
9 (RLIN) 90799
245 ## - TITLE STATEMENT
Title APPLICATION OF SOFT COMPUTING AND INTELLIGENT METHODS IN GEOPHYSICS /
Statement of responsibility, etc. ALIREZA PETER.
260 ## - PUBLICATION, DISTRIBUTION, ETC.
Place of publication, distribution, etc. SPRINGER ;
Date of publication, distribution, etc. 2018.
300 ## - PHYSICAL DESCRIPTION
Extent 533 P. ;
942 ## - ADDED ENTRY ELEMENTS (KOHA)
Source of classification or shelving scheme
Koha item type Book
Holdings
Withdrawn status Lost status Source of classification or shelving scheme Damaged status Not for loan Permanent Location Current Location Date acquired Total Checkouts Full call number Barcode Date last seen Price effective from Koha item type
          NUST Baluchistan Campus (NBC) NUST Baluchistan Campus (NBC) 04/04/2022   557.3 PET Q-3183 04/04/2022 04/04/2022 Book
© 2023 Central Library, National University of Sciences and Technology. All Rights Reserved.